header

Relational syllogisms and the history of Arabic logic, 900-1900 (Record no. 226697)

MARC details
000 -LEADER
fixed length control field 01342nam a2200337Ia 4500
100 1# - MAIN ENTRY--AUTHOR NAME
Personal name El-Rouayheb, Khaled.
245 10 - TITLE STATEMENT
Title Relational syllogisms and the history of Arabic logic, 900-1900
260 ## - PUBLICATION, DISTRIBUTION, ETC. (IMPRINT)
Place of publication Leiden ;
-- Boston :
Name of publisher Brill,
Year of publication 2010.
300 ## - PHYSICAL DESCRIPTION
Number of Pages viii, 295 p.
490 1# - SERIES STATEMENT
Series statement Islamic philosophy, theology and science. Texts and studies ;
650 #0 - SUBJECT ADDED ENTRY--TOPICAL TERM
Topical Term Syllogism
Topical Term Islamic philosophy
Topical Term Inference.
856 40 - ELECTRONIC LOCATION AND ACCESS
Uniform Resource Identifier http://site.ebrary.com/lib/rucke/Doc?id=10455143

No items available.

© 2026 Rongo University
Contact us: librarian | system librarian | Rongo university